000 00896nas a2200301 4500
001 BR2011004632
003 BR-BrBNA
005 20231205115527.0
007 ta
008 230509b bl.|||p| |||| 00| 00por d
040 _aBR-BrBNA
_bpor
_cBiblioteca Nacional de Agricultura
041 _a(Pt)
072 _aJ11
100 1 _aSteffens, C.A.
100 1 _aBrackmann, A.
100 1 _aPinto, J.A.V.
100 1 _aWeber, A.
245 1 _aMetodologia para determinação da permeabilidade de filmes poliméricos para uso em atmosfera modificada
650 _aFRUTA
650 _aARMAZENAMENTO
650 _aCLIMA
650 _aEMBALAGEM
650 _aPERMEABILIDADE
650 _aPOLIETILENO
773 0 _tRevista Brasileira de Armazenamento (Brazil)
_xISSN 0100-3518
_g(2009), v. 34(2) p. 87-94
_wBR2011004632
909 _a202311
_bLúcia
_c55
_dLúcia Elande
942 _2AGRIS
_n0
_cANA
999 _c214256
_d214256